00933nam a22002057a 4500003000900000008004100009020001800050040007100068082001900139100002300158245008900181260004600270300004200316505022600358650002600584650003000610650001500640650002100655710005100676AR-CdUCM190311b ||||| |||| 00| 0 spa d a1 85287 238 1 aMUNICIPALIDAD PROVINCIAL DEL CUSCOcBIBLIOTECA MUNICIPAL DEL CUSCO a372.98 /bC528 aChauvin, Lucien O. aEducación para el futuro :bMedio ambiente y desarrollo sustentable en el Perú / aLima :bTarea gráfica educativa,c2000. a125 paginas ;bIlustraciones,c23 cm. aSan Mateo: participación ciudadana en el desarrollo local -- El valle verde de Lima -- Educación ambiental en los andes: una experiencia de cooperación -- Educación ambiental para el desarrollo y la democracia ... aEducación ambiental aParticipación ciudadana aDemocracia aDesarrollo local aCatholic institute for international relations